| 000 | 01227nam a22003377a 4500 | ||
|---|---|---|---|
| 003 | CHAP | ||
| 005 | 20220329135045.0 | ||
| 008 | 971013s1983 r 00010 sp d | ||
| 010 | _a30239 | ||
| 011 | _a31211 | ||
| 035 | _a35323 | ||
| 040 | _cCHAP | ||
| 090 | _aTesis | ||
| 100 | 0 | 0 |
_aCordero Camacho, Mario René. _927947 |
| 245 | 1 | _aCuantificación y causas del desaprovechamiento de tierras cultivables en la Unidad Regional Huejotzingo del Plan Puebla | |
| 260 |
_aChapingo, Méx. : _bEl autor, _c1983 |
||
| 300 |
_a103 h. : _bilus. |
||
| 502 | _aTesis (M.C. Esp. en Desarrollo Rural) -- C.P. Centro de Desarrollo Rural | ||
| 590 |
_aALEPH _b10 _c20130110 _lUCH01 _h1251 |
||
| 590 |
_aBATCH-UPD _b10 _c20130110 _lUCH01 _h1809 |
||
| 590 |
_aBATCH-UPD _b10 _c20130410 _lUCH01 _h1144 |
||
| 590 |
_aBATCH-UPD _b10 _c20130914 _lUCH01 _h1916 |
||
| 590 |
_aCONVERSION _b10 _c20130109 _lUCH01 _h1317 |
||
| 650 | 1 | 4 |
_aPlan Puebla. _988678 |
| 650 | 1 | 4 |
_aTierras _xUtilización. _9113219 |
| 901 | _aBK | ||
| 942 | _cFOLL | ||
| 949 |
_aTesis _bBC _cTES _d33724002091629 _eTS1 _h49291 _i35323 _si |
||
| 949 |
_aTesis _bBC _cTES _d33724002091644 _eTS2 _fc.2 _h49292 _i35323 _sb |
||
| 949 |
_aTesis _bBC _cTES _d33724002091652 _eTS2 _fc.3 _h49293 _i35323 _sb |
||
| 999 |
_c30239 _d30239 |
||